| 000 | 00683nam a22002057a 4500 | ||
|---|---|---|---|
| 003 | BD-DhUL | ||
| 005 | 20201116112240.0 | ||
| 008 | 201105s2020 bg |||| |||| 000 0 ben | ||
| 020 | _a9789845100823(pbk.) | ||
| 040 |
_aBD-DhUL _cBD-DhUL |
||
| 082 |
_a891.443 _bRAA |
||
| 100 | 1 | _aরহমান, রেজানুর | |
| 245 | 0 | 0 |
_aঅবাসভূমি / _cরেজানুর রহমান। |
| 260 |
_aঢাকা : _bকথাপ্রকাশ, _c২০২০। |
||
| 300 |
_a১৫৬ পৃ. ; _c২২ সেমি. |
||
| 365 |
_aBDT _b250.00 |
||
| 650 | 4 | _aবাংলা উপন্যাস। | |
| 650 | 4 | _aBengali fiction | |
| 942 |
_2ddc _cBK |
||
| 999 |
_c252216 _d252216 |
||